[Event "Match"]
[Site "www.echecsemail.com"]
[Date "2018.02.22"]
[Round "1"]
[White "Jovaras"]
[Black "Llord"]
[WhiteElo "1809"]
[BlackElo "1990"]
[Result "1-0"]
[Round "1"]
1.e4 e5
2.Ng1f3 Nb8c6
3.Bf1b5 Bf8c5
4.O-O Ng8f6
5.Qd1e2 O-O
6.c3 a6
7.Bb5xc6 dxc6
8.Nf3xe5 Rf8e8
9.d4 Bc5b6
10.Bc1g5 h6
11.Bg5h4 Qd8d6
12.Nb1d2 c5
13.Ne5c4 Qd6d7
14.Bh4xf6 gxf6
15.d5 f5
16.f3 Qd7b5
17.a4 Qb5d7
18.Qe2f2 Bb6a7
19.Qf2g3 Kh7
20.b3 Re8g8
21.Qg3h4 fxe4
22.fxe4 Ba7b8
23.Ra1d1 Rg8g4
24.Qh4f6 Rg4g7
25.Nd2f3 Qd7h3
26.Nf3h4 c6
27.d6 b5
28.Rf1f3 Qh3g4
29.Nc4b6 Ra8a7
30.Nb6xc8 Qg4xc8
31.Nh4f5 Rg7g6
32.Nf5e7 Rg6xf6
33.Ne7xc8 Rf6xf3
34.Nc8xa7 Rf3xc3
35.Na7xc6 Bb8xd6
36.Rd1xd6 Rc3xb3
37.axb5 axb5
38.Nc6e5 c4
39.Rd6d7 c3
40.Rd7xf7 Kg8
41.Rf7c7 Rb3b1
42.Kf2 Rb1b2
43.Kg3 c2
44.Ne5d3 Rb2b3
45.Rc7xc2 Rb3xd3
46.Kf4 b4
47.Rc2b2 b3
48.e5 { resign }
1-0

[Event "Match"]
[Site "www.echecsemail.com"]
[Date "2018.02.22"]
[Round "1"]
[White "Dalen"]
[Black "Jjmcbride"]
[WhiteElo "1379"]
[BlackElo "1640"]
[Result "0-1"]
[Round "1"]
1.e4 e5
2.d3 d5
3.Ng1f3 Bf8d6
4.d4 exd4
5.exd5 Bc8g4
6.Bf1e2 Bg4xf3
7.gxf3 Bd6c5
8.f4 Qd8xd5
9.Rh1g1 Ng8f6
10.c3 Nf6e4
11.Be2b5 c6
12.Bb5e2 Nb8d7
13.f3 Ne4f6
14.Nb1d2 d3
15.Qd1b3 Qd5xb3
16.Nd2xb3 Bc5xg1
17.Be2xd3 O-O-O
18.Bd3f5 Rh8e8
19.Kd1 Bg1xh2
20.Nb3d4 Bh2g3
21.a4 Re8e1
22.Kc2 Bg3xf4
23.Kb3 Bf4xc1
 { time }
0-1

[Event "Match"]
[Site "www.echecsemail.com"]
[Date "2018.02.22"]
[Round "1"]
[White "Mitja"]
[Black "Ssharp"]
[WhiteElo "2060"]
[BlackElo "2330"]
[Result "1/2-1/2"]
[Round "1"]
1.d4 e6
2.e3 d5
3.c3 c5
4.dxc5 Bf8xc5
5.Nb1d2 Ng8f6
6.Nd2b3 Bc5d6
7.Ng1f3 O-O
8.Bf1d3 Nb8c6
9.Bd3c2 e5
10.h3 h6
11.Qd1e2 Bc8e6
12.Nb3d2 Ra8c8
13.b3 Rf8e8
14.Bc1b2 d4
15.cxd4 exd4
16.O-O dxe3
17.fxe3 Bd6e7
18.Ra1c1 Qd8b6
19.Nf3d4 Nc6xd4
20.Bb2xd4 Qb6a5
21.Bc2b1 b6
22.Nd2f3 Qa5h5
23.Qe2f2 Be6d5
24.Nf3e5 Be7a3
25.Rc1xc8 Re8xc8
26.Qf2g3 Qh5g5
27.Qg3xg5 hxg5
28.Ne5f3 g4
29.hxg4 Nf6xg4
30.Nf3h2 Ng4xh2
31.Kxh2 f6
32.g4 Rc8c1
33.Rf1xc1 Ba3xc1
34.Kg3 Kf7
35.Kf4 g5
36.Kg3 Bc1d2
37.Bb1f5 Bd2e1
{ draw }
1/2-1/2

[Event "Match"]
[Site "www.echecsemail.com"]
[Date "2018.02.22"]
[Round "1"]
[White "Gambitmiau"]
[Black "Coraza8091"]
[WhiteElo "1970"]
[BlackElo "1540"]
[Result "1-0"]
[Round "1"]
1.e4 e5
2.d4 exd4
3.c3 dxc3
4.Bf1c4 Bf8b4
5.Nb1xc3 Ng8f6
6.Bc1d2 O-O
7.Ng1e2 Bb4xc3
8.Bd2xc3 Rf8e8
9.f3 Qd8e7
10.Ne2g3 g6
11.O-O Qe7c5
12.Qd1d4 Qc5xd4
13.Bc3xd4 Nf6h5
14.Ng3xh5 gxh5
15.Ra1e1 Nb8c6
16.Bd4c3 a6
17.f4 b5
18.Bc4d5 Ra8b8
19.Bd5xc6 dxc6
20.f5 b4
21.Bc3f6 Bc8b7
22.e5 a5
23.Rf1f3 c5
24.Rf3g3 Kf8
25.Rg3g7 h6
26.Rg7h7 { resign }
1-0

[Event "Match"]
[Site "www.echecsemail.com"]
[Date "2018.02.22"]
[Round "1"]
[White "Llord"]
[Black "Eulero76"]
[WhiteElo "1960"]
[BlackElo "1930"]
[Result "0-1"]
[Round "1"]
1.e4 c6
2.d4 d5
3.e5 Bc8f5
4.Nb1c3 e6
5.Ng1f3 Nb8d7
6.Bc1g5 Ng8e7
7.Bf1d3 Bf5xd3
8.Qd1xd3 h6
9.Bg5h4 Qd8b6
10.b3 c5
11.Nc3a4 Qb6a5
12.c3 cxd4
13.Nf3xd4 Nd7xe5
14.Qd3e3 Ne5c6
15.Nd4xc6 Ne7xc6
16.O-O Bf8d6
17.Na4b2 Nc6e7
18.c4 Ne7f5
19.Qe3h3 Bd6e5
20.Ra1b1 Be5xb2
21.Rb1xb2 dxc4
22.bxc4 O-O
23.a3 b6
24.Rb2b5 Qa5d2
25.Rb5b3 Ra8c8
26.g4 Nf5xh4
27.Qh3xh4 Rc8xc4
28.Rb3h3 Rf8c8
29.Rh3e3 Rc4c1
30.Rf1xc1 Rc8xc1
31.Kg2 Qd2d1
32.Qh4e7 g5
33.Qe7e8 Kg7
34.Qe8b5 Qd1xg4
35.Re3g3 Qg4e4
36.Kh3 Rc1c4
37.Qb5b2 Kg6
38.Qb2b3 g4
39.Kh4 Qe4f4
{ resign }
0-1

[Event "Match"]
[Site "www.echecsemail.com"]
[Date "2018.02.22"]
[Round "1"]
[White "Raulazo"]
[Black "Billyg"]
[WhiteElo "1820"]
[BlackElo "1770"]
[Result "0-1"]
[Round "1"]
1.Ng1f3 d6
2.Nb1c3 e5
3.d4 Nb8c6
4.e3 Bc8g4
5.h3 Bg4h5
6.g4 Bh5g6
7.h4 f5
8.h5 Bg6f7
9.Bf1b5 a6
10.Bb5xc6 bxc6
11.Qd1e2 Ng8h6
12.gxf5 Nh6xf5
13.e4 Nf5xd4
14.Bc1e3 Nd4xf3
15.Qe2xf3 d5
16.O-O-O d4
17.Rh1g1 Qd8e7
18.Be3g5 Qe7d6
19.a3 h6
20.Bg5h4 g6
21.hxg6 Bf7xg6
22.Bh4f6 Rh8g8
23.Bf6h4 Qd6e6
24.Nc3e2 Bf8e7
25.Bh4xe7 Kxe7
26.a4 Qe6a2
27.b3 Rg8f8
28.Qf3g3 Qa2a3
29.Kd2 Qa3d6
30.Qg3h4 Kf7
31.Kc1 Kg7
32.Rg1h1 Rf8h8
33.Kb2 Ra8f8
34.c3 d3
35.Qh4g3 Rf8d8
36.Ne2c1 d2
37.Nc1a2 Kh7
38.Qg3h4 Bg6f7
39.f3 Qd6e6
40.c4 Rd8d3
41.Na2b4 Rd3xb3
42.Kc2 Qe6xc4
43.Kxd2 Rb3b2
44.Ke1 Qc4e2
{ resign }
0-1

[Event "Match"]
[Site "www.echecsemail.com"]
[Date "2018.02.22"]
[Round "1"]
[White "Goofy"]
[Black "Sefj"]
[WhiteElo "2360"]
[BlackElo "1809"]
[Result "1-0"]
[Round "1"]
1.e4 g5
2.d4 e6
3.Nb1c3 c6
4.Qd1h5 Bf8e7
5.e5 c5
6.d5 d6
7.Bf1c4 dxe5
8.dxe6 Bc8xe6
9.Bc4xe6 Ng8h6
10.Qh5xh6 fxe6
11.Qh6xe6 Nb8c6
12.Ng1f3 Kf8
13.Nf3xe5 Nc6d4
14.Qe6f7 
1-0

[Event "Match"]
[Site "www.echecsemail.com"]
[Date "2018.02.22"]
[Round "1"]
[White "Bojan"]
[Black "Ssharp"]
[WhiteElo "1950"]
[BlackElo "2330"]
[Result "1-0"]
[Round "1"]
1.d4 d5
2.g3 Bc8f5
3.Bf1g2 Ng8f6
4.c3 e6
5.Ng1f3 h6
6.Nb1d2 c5
7.b3 Nb8c6
8.e3 cxd4
9.exd4 Bf8d6
10.O-O Ra8c8
11.Rf1e1 O-O
12.h3 Qd8c7
13.Re1e3 b5
14.Qd1e2 Nf6d7
15.Qe2xb5 Bd6xg3
16.fxg3 Qc7xg3
17.Nd2f1 Qg3c7
18.Bc1d2 Bf5e4
19.Nf3h2 f5
20.Re3g3 Kh7
21.Qb5e2 g5
22.Qe2h5 Nd7f6
23.Qh5e2 f4
24.Bg2xe4 dxe4
25.Rg3g4 f3
26.Qe2e3 Nf6xg4
27.Qe3xe4 Kg7
28.Nh2xg4 Rc8e8
29.Kf2 h5
30.Ng4h2 Rf8f5
31.Nf1g3 Kf7
32.Nh2xf3 h4
33.Ng3xf5 { resign }
1-0

[Event "Match"]
[Site "www.echecsemail.com"]
[Date "2018.02.22"]
[Round "1"]
[White "Llord"]
[Black "Sefj"]
[WhiteElo "2020"]
[BlackElo "1809"]
[Result "0-1"]
[Round "1"]
1.e4 e5
2.Ng1f3 Nb8c6
3.Bf1c4 Ng8f6
4.Nb1c3 Nf6g4
5.O-O h5
6.h3 Nc6d4
7.Nf3xd4 exd4
8.Nc3d5 c6
9.Nd5f4 Qd8f6
10.Nf4xh5 Rh8xh5
11.Qd1xg4 Rh5g5
12.Qg4e2 b5
13.Bc4b3 d3
14.Qe2xd3 Bf8c5
15.Qd3e2 Rg5g6
16.d3 d6
17.c3 Bc8xh3
{ resign }
0-1

[Event "Match"]
[Site "www.echecsemail.com"]
[Date "2018.02.22"]
[Round "1"]
[White "Pinehill"]
[Black "Sefj"]
[WhiteElo "2060"]
[BlackElo "1809"]
[Result "0-1"]
[Round "1"]
1.e4 d5
2.Ng1f3 dxe4
3.Nf3g5 f5
4.Bf1c4 Ng8h6
5.Bc4e6 Bc8xe6
6.Ng5xe6 Qd8d6
7.Ne6xf8 Rh8xf8
8.O-O Nh6g4
9.h3 Qd6h2

0-1

[Event "Match"]
[Site "www.echecsemail.com"]
[Date "2018.02.22"]
[Round "1"]
[White "Sefj"]
[Black "Pellix84"]
[WhiteElo "1809"]
[BlackElo "2110"]
[Result "1-0"]
[Round "1"]
1.Ng1f3 d5
2.d4 Ng8f6
3.Nb1c3 e6
4.Bc1f4 Bf8b4
5.Bf4d2 c5
6.Nc3b5 a6
7.Nb5c3 Nb8c6
8.dxc5 Bb4xc5
9.Nc3a4 Bc5a7
10.e3 O-O
11.Bf1d3 d4
12.Nf3g5 Qd8d5
13.e4 Qd5d6
14.a3 b5
15.Na4c3 dxc3
16.Bd2xc3 Qd6f4
17.Ng5h3 Qf4g4
18.Qd1d2 Qg4xg2
19.Rh1g1 Qg2f3
20.Bd3e2 Qf3xh3
21.Rg1xg7 Kh8
22.Bc3xf6 Ba7xf2
23.Kd1 Bf2h4
24.Qd2g5 Bh4xg5
25.Rg7xg5 
1-0

[Event "Match"]
[Site "www.echecsemail.com"]
[Date "2018.02.22"]
[Round "1"]
[White "Whitekknight"]
[Black "Azorau"]
[WhiteElo "1970"]
[BlackElo "1810"]
[Result "1-0"]
[Round "1"]
1.e4 e5
2.Ng1f3 Nb8c6
3.Bf1c4 h6
4.c3 Ng8f6
5.O-O Nf6xe4
6.d4 d5
7.Bc4b5 Bc8d7
8.Nb1d2 Bf8d6
9.Nd2xe4 dxe4
10.Nf3d2 f5
11.Qd1h5 Kf8
12.Bb5xc6 Bd7xc6
13.Qh5xf5 Ke7
14.dxe5 Bc6d7
15.exd6 cxd6
16.Qf5xe4 Kf8
17.Qe4f4 Kg8
18.Qf4xd6 Kh7
19.Qd6d3 g6
20.Rf1e1 a6
21.Nd2e4 Rh8e8
22.h3 Ra8c8
23.Bc1d2 b5
24.g4 Rc8c4
25.Qd3f3 Re8f8
26.Qf3e3 Bd7c6
27.Qe3xh6 Kg8
28.Qh6xg6 Kh8
29.Ne4f6 Rf8xf6
30.Qg6h5 Kg7
31.Bd2g5 Bc6e8
32.Re1xe8 Qd8b6
33.Qh5h8 Kf7
34.Qh8g8 { resign }
1-0

[Event "Match"]
[Site "www.echecsemail.com"]
[Date "2018.02.22"]
[Round "1"]
[White "Llord"]
[Black "Darknight"]
[WhiteElo "2030"]
[BlackElo "1720"]
[Result "1-0"]
[Round "1"]
1.e4 e5
2.Ng1f3 d6
3.Bf1c4 h6
4.O-O Ng8f6
5.Nb1c3 c6
6.Bc4b3 Bc8g4
7.h3 Bg4e6
8.Bb3xe6 fxe6
9.d4 exd4
10.Nf3xd4 Qd8d7
11.Nd4f3 e5
12.Bc1e3 Qd7e6
13.b3 Nb8d7
14.Qd1e2 a6
15.Ra1d1 O-O-O
16.a4 g5
17.a5 g4
18.hxg4 Nf6xg4
19.Nc3a4 Bf8e7
20.Na4b6 Kb8
21.Nb6xd7 Qe6xd7
22.Be3b6 Rd8g8
23.c3 c5
24.Rd1d2 h5
25.Nf3h2 Be7g5
26.Rd2d3 Bg5f4
27.g3 Ng4xh2
28.Kxh2 h4
29.gxf4 Rg8g7
30.Bb6xc5 Rg7g4
31.Bc5xd6 Ka8
32.Bd6xe5 Qd7c8
33.Be5xh8 h3
34.Rd3xh3 Rg4xf4
35.Bh8e5 Rf4f8
36.b4 Qc8e6
37.Be5d4 Rf8g8
38.f4 Qe6f7
39.Qe2h5 Qf7a2
40.Rf1f2 Qa2b1
41.Rf2g2 Rg8f8
42.Qh5h8 Rf8b8
43.Bd4b6 Qb1xe4
44.Qh8xb8 { resign }
1-0

[Event "Match"]
[Site "www.echecsemail.com"]
[Date "2018.02.22"]
[Round "1"]
[White "Azocarfreund"]
[Black "Whitekknight"]
[WhiteElo "1770"]
[BlackElo "1970"]
[Result "0-1"]
[Round "1"]
1.e4 e5
2.Ng1f3 Nb8c6
3.Bf1b5 Ng8f6
4.Bb5xc6 dxc6
5.Nf3xe5 Qd8d4
6.Ne5f3 Qd4xe4
7.Kf1 Bc8g4
8.Nb1c3 Bg4xf3
9.gxf3 Qe4f5
10.Qd1e2 Bf8e7
11.Rh1g1 Rh8g8
12.d4 Qf5d7
13.Rg1g2 O-O-O
14.Bc1g5 Rd8e8
15.Qe2c4 Rg8f8
16.Qc4d3 h6
17.Bg5e3 Be7d6
18.Rg2xg7 Bd6xh2
19.Ke2 Bh2f4
20.Ra1h1 Rf8h8
21.Nc3a4 Nf6d5
22.Na4c5 Qd7e7
23.Kf1 Nd5xe3
24.fxe3 Bf4xe3
25.Qd3b3 b6
26.Rg7xf7 Qe7d6
27.Nc5e4 Qd6xd4
28.Ne4f6 Re8f8
29.Nf6g4 Be3g5
30.Qb3e6 Kb7
31.c3 Qd4d1
32.Kg2 Qd1d2
33.Kg3 Rf8xf7
34.Qe6xf7 Qd2d6
35.Kh3 Rh8f8
36.Qf7c4 Rf8xf3
{ resign }
0-1

[Event "1/64 Finale"]
[Site "www.chess-mail.com"]
[Date "2018.02.22"]
[Round "1"]
[White "Mustaphly"]
[Black "Sbb"]
[WhiteElo "2800"]
[BlackElo "2570"]
[Result "1/2-1/2"]
[Round "1"]
1.c4 g6
2.g3 Bf8g7
3.d4 Ng8f6
4.Bf1g2 c5
5.d5 O-O
6.Ng1f3 Qd8a5
7.Nf3d2 d6
8.O-O b5
9.cxb5 Qa5xb5
10.Nb1a3 Qb5a6
11.Rf1e1 Nb8d7
12.e4 Nd7b6
13.Bg2f1 Qa6b7
14.Nd2b3 Bc8d7
15.Ra1b1 Qb7c8
16.Bc1g5 Bd7h3
17.Bf1g2 Rf8e8
18.Nb3d2 h6
19.Bg5xf6 Bg7xf6
20.Qd1e2 Bh3d7
21.Nd2c4 Nb6xc4
22.Na3xc4 Bf6d4
23.Qe2d2 Ra8b8
24.h4 h5
25.b3 Bd7b5
26.Nc4a3 Qc8a6
27.Na3xb5 Qa6xb5
28.Bg2h3 Qb5b4
29.Qd2xb4 Rb8xb4
30.Bh3f1 Re8b8
31.Bf1a6 Rb4b6
32.Ba6c4 Kg7
{ draw }
1/2-1/2

[Event "1/128 Finale"]
[Site "www.chess-mail.com"]
[Date "2018.02.22"]
[Round "1"]
[White "Odin"]
[Black "Cereus"]
[WhiteElo "1910"]
[BlackElo "1809"]
[Result "0-1"]
[Round "1"]
1.d4 Ng8f6
2.c4 g6
3.Nb1c3 d5
4.cxd5 Nf6xd5
5.Ng1f3 Bf8g7
6.Bc1g5 c5
7.e4 Nd5xc3
8.bxc3 Nb8c6
9.Bf1b5 cxd4
10.Bb5xc6 bxc6
11.cxd4 Qd8a5
12.Bg5d2 Qa5a6
13.a4 c5
14.Bd2e3 Bc8g4
15.dxc5 Ra8d8
16.Qd1c2 Bg7xa1
17.c6 O-O
18.h3 Bg4xf3
19.gxf3 Rd8c8
20.c7 Qa6a5
21.Be3d2 Qa5xc7
22.Qc2xc7 Rc8xc7
23.O-O Ba1d4
24.Bd2f4 e5
25.Bf4g3 Rf8c8
26.Kg2 Rc7c2
27.f4 exf4
28.Bg3xf4 Rc2a2
29.Bf4g3 Rc8c2
30.h4 Ra2xa4
31.e5 Ra4a2
32.Kf3 a5
33.Kg2 a4
34.Rf1b1 Bd4xf2
35.Bg3xf2 Rc2xf2
36.Kg3 Rf2b2
37.Rb1e1 Ra2a3
38.Kf4 Rb2b4
39.Kg5 Kg7
{ resign }
0-1

[Event "Fast Game"]
[Site "www.echecsemail.com"]
[Date "2018.02.22"]
[Round "1"]
[White "Apdash"]
[Black "Paulsyd"]
[WhiteElo "2070"]
[BlackElo "2089"]
[Result "0-1"]
[Round "1"]
1.d4 Ng8f6
2.c4 g6
3.Nb1c3 Bf8g7
4.e4 d6
5.Bf1d3 O-O
6.Bc1g5 h6
7.Bg5h4 Nb8c6
8.Ng1e2 e5
9.d5 Nc6e7
10.O-O g5
11.Bh4g3 Nf6h5
12.Qd1d2 Nh5f4
13.Bd3c2 b6
14.h4 a5
15.hxg5 hxg5
16.Bg3h2 Bc8d7
17.g3 Nf4h3
18.Kg2 g4
19.Ne2g1 f6
20.Nc3e2 Nh3g5
21.f4 gxf3
22.Ng1xf3 Bd7h3
23.Kf2 Ng5xf3
24.Kxf3 f5
25.Ne2f4 exf4
26.gxf4 fxe4
27.Bc2xe4 Bh3xf1
28.Ra1xf1 Ne7f5
29.Rf1g1 Nf5h4
30.Ke3 Qd8e7
31.Kd3 Ra8e8
32.Rg1e1 Qe7f6
33.Qd2f2 Nh4f3
34.Be4xf3 Re8xe1
35.Qf2xe1 Qf6d4
36.Kc2 Qd4xb2
37.Kd1 Qb2a1
38.Kc2 Qa1xe1
{ resign }
0-1

[Event "Fast Game"]
[Site "www.echecsemail.com"]
[Date "2018.02.22"]
[Round "1"]
[White "Attatroll"]
[Black "Hennie4820"]
[WhiteElo "1720"]
[BlackElo "1680"]
[Result "1-0"]
[Round "1"]
1.d4 Ng8f6
2.c4 g6
3.Nb1c3 Bf8g7
4.e4 d6
5.Ng1f3 O-O
6.Bf1d3 Nb8d7
7.O-O e5
8.d5 Nd7c5
9.Bd3c2 Bc8g4
10.h3 Bg4xf3
11.Qd1xf3 a5
12.a3 Nf6d7
13.Rf1e1 h6
14.Bc1e3 Nc5a6
15.Ra1d1 Na6c5
16.Nc3b5 b6
17.Rd1a1 Kh7
18.g4 g5
19.Qf3f5 Kh8
20.b4 axb4
21.axb4 Nc5b7
22.Ra1xa8 Qd8xa8
23.Qf5xd7 { resign }
1-0

[Event "Fast Game"]
[Site "www.echecsemail.com"]
[Date "2018.02.22"]
[Round "1"]
[White "Odd"]
[Black "Attatroll"]
[WhiteElo "1599"]
[BlackElo "1720"]
[Result "0-1"]
[Round "1"]
1.d4 e5
2.dxe5 Nb8c6
3.e4 Nc6xe5
4.Nb1c3 Ng8f6
5.f4 Ne5c6
6.e5 Nf6g8
7.Bf1c4 Ng8e7
8.Nc3d5 Ne7xd5
9.Bc4xd5 Bf8c5
10.Qd1h5 Qd8e7
11.Ng1f3 d6
12.Nf3g5 dxe5
 { time }
0-1

[Event "Fast Game"]
[Site "www.echecsemail.com"]
[Date "2018.02.22"]
[Round "1"]
[White "Pellix84"]
[Black "Odd"]
[WhiteElo "1570"]
[BlackElo "1599"]
[Result "1-0"]
[Round "1"]
1.d4 c5
2.d5 Qd8b6
3.c4 Qb6b4
4.Nb1d2 g6
5.e4 Bf8g7
6.a3 Qb4b6
7.Ra1b1 Bg7d4
8.Ng1f3 Bd4g7
9.Bf1e2 d6
10.O-O e6
11.b4 Qb6c7
12.bxc5 dxc5
13.Nd2b3 b6
14.d6 Qc7c6
15.e5 Bc8b7
16.Bc1b2 g5
17.h3 h5
18.Rf1e1 g4
19.Nf3h4 Nb8d7
20.Be2f1 Ng8h6
21.Qd1d2 gxh3
22.Qd2g5  { time }
1-0

[Event "Fast Game"]
[Site "www.echecsemail.com"]
[Date "2018.02.22"]
[Round "1"]
[White "Odd"]
[Black "Picifarkinca"]
[WhiteElo "1599"]
[BlackElo "1850"]
[Result "0-1"]
[Round "1"]
1.e4 c6
2.Bf1c4 d5
3.exd5 cxd5
4.Bc4b5 Nb8c6
5.c3 e5
6.Qd1h5 e4
7.Ng1e2 Ng8f6
 { time }
0-1

[Event "Fast Game"]
[Site "www.echecsemail.com"]
[Date "2018.02.22"]
[Round "1"]
[White "Sefj"]
[Black "Pellix84"]
[WhiteElo "1599"]
[BlackElo "1570"]
[Result "1-0"]
[Round "1"]
1.e4 c5
2.f4 d5
3.c3 dxe4
4.Qd1a4 Nb8c6
5.Qa4xe4 Ng8f6
6.Qe4c4 e6
7.Ng1f3 Bf8e7
8.Bf1e2 O-O
9.a3 b6
10.b4 Bc8b7
11.d3 Qd8c7
12.Bc1e3 Ra8d8
13.Nb1d2 Nf6d5
14.Nd2f1 Nd5xe3
15.Nf1xe3 Be7f6
16.Ne3g4 Qc7xf4
17.Qc4xf4 { resign }
1-0

[Event "Tourn. n9683"]
[Site "www.chess-mail.com"]
[Date "2018.02.23"]
[Round "1"]
[White "Amaya"]
[Black "Prize64"]
[WhiteElo "2130"]
[BlackElo "2120"]
[Result "1-0"]
[Round "1"]
1.d4 Ng8f6
2.e3 d5
3.Bf1d3 c6
4.f4 Bc8g4
5.Ng1f3 Bg4xf3
6.Qd1xf3 g6
7.Nb1d2 Bf8g7
8.O-O O-O
9.a3 Nb8d7
10.c3 Qd8c7
11.g4 Nf6e8
12.g5 f6
13.Qf3h3 fxg5
14.fxg5 Ne8d6
15.e4 Rf8xf1
16.Kxf1 Ra8f8
17.Kg1 Qc7b6
18.Qh3xd7 Bg7xd4
19.Kh1 dxe4
20.Nd2xe4 Nd6xe4
21.Qd7e6 Kh8
22.Qe6xe4 Bd4g7
23.Ra1b1 Qb6c5
24.Bc1e3 Qc5d5
25.Qe4xd5 cxd5
26.Rb1f1 { resign }
1-0

[Event "Tourn. n9697"]
[Site "www.chess-mail.com"]
[Date "2018.02.23"]
[Round "1"]
[White "Bojan"]
[Black "Comrade"]
[WhiteElo "2010"]
[BlackElo "2300"]
[Result "0-1"]
[Round "1"]
1.e4 c5
2.Ng1f3 Nb8c6
3.a3 e5
4.Bf1c4 Ng8f6
5.h4 d6
6.Nb1c3 Bc8e6
7.Qd1e2 Be6g4
8.Nc3d5 Bf8e7
9.c3 a6
10.Qe2e3 Bg4e6
11.Bc4a2 Nf6g4
12.Qe3d3 Ng4f6
13.Nf3g5 Nf6d7
14.Ng5xe6 fxe6
15.Nd5xe7 Qd8xe7
16.Qd3h3 Kf7
17.d3 Rh8e8
18.h5 Kg8
19.Qh3g4 Nd7f6
20.Qg4g3 Kh8
21.Bc1g5 h6
22.Bg5d2 d5
23.f3 Ra8d8
24.Ba2b3 b5
25.Qg3f2 Re8f8
26.Bb3c2 d4
27.Ke2 Qe7f7
28.g4 Nf6xg4
29.Qf2g3 Ng4f6
30.Ra1f1 Nf6xh5
31.Qg3h3 Nh5f4
32.Bd2xf4 Qf7xf4
33.Bc2b3 Qf4e3
34.Kd1 Qe3xd3
35.Kc1 dxc3
36.Rf1d1 Qd3e3
37.Kc2 Rd8xd1
38.Rh1xd1 Nc6d4
39.Kb1 Nd4xb3
40.Ka2 c2
{ resign }
0-1

[Event "Tourn. n9653"]
[Site "www.chess-mail.com"]
[Date "2018.02.23"]
[Round "1"]
[White "Sahlapalat"]
[Black "Louis"]
[WhiteElo "1960"]
[BlackElo "1990"]
[Result "1-0"]
[Round "1"]
1.d4 d5
2.c4 dxc4
3.Ng1f3 Ng8f6
4.e3 b5
5.a4 b4
6.Bf1xc4 e6
7.Nb1d2 Bc8b7
8.O-O Bf8e7
9.Nf3e5 O-O
10.b3 Nb8d7
11.Nd2f3 Nf6e4
12.Bc1b2 c5
13.dxc5 Nd7xc5
14.Qd1c2 Ne4d6
15.Rf1d1 a5
16.Ra1c1 Ra8c8
17.Qc2e2 Be7f6
18.h4 Qd8e7
19.h5 Nd6xc4
20.Rc1xc4 Bb7a6
21.Qe2c2 Ba6xc4
22.bxc4 Rf8d8
23.Rd1xd8 Qe7xd8
24.Bb2d4 Qd8d7
25.Ne5xd7 { resign }
1-0

[Event "Tourn. n9672"]
[Site "www.chess-mail.com"]
[Date "2018.02.23"]
[Round "1"]
[White "Panham"]
[Black "Orhany24"]
[WhiteElo "2210"]
[BlackElo "2110"]
[Result "1-0"]
[Round "1"]
1.e4 c5
2.Ng1f3 Nb8c6
3.Bf1b5 d6
4.O-O a6
5.Bb5xc6 bxc6
6.c4 d5
7.cxd5 cxd5
8.exd5 Qd8xd5
9.Nb1c3 Qd5d8
10.Nc3a4 e6
11.Qd1c2 Bc8d7
12.d4 cxd4
13.Nf3xd4 Ng8f6
14.Bc1g5 Bf8e7
15.Ra1d1 O-O
16.Na4c3 Qd8c7
17.Qc2d3 Ra8d8
18.Qd3xa6 Rd8a8
19.Qa6e2 Qc7b7
20.a3 h6
21.Bg5h4 Nf6d5
22.Bh4xe7 Nd5xe7
23.Rd1b1 Ne7d5
24.Nc3xd5 Qb7xd5
25.Qe2e3 Rf8d8
26.Nd4f3 Bd7c6
27.Qe3f4 g5
28.Qf4e5 Qd5b3
29.Nf3d4 Qb3d5
30.Nd4xc6 Qd5xc6
31.Qe5f6 { resign }
1-0

[Event "Tourn. n9701"]
[Site "www.chess-mail.com"]
[Date "2018.02.23"]
[Round "1"]
[White "Dussek"]
[Black "Falcoale"]
[WhiteElo "1790"]
[BlackElo "1900"]
[Result "0-1"]
[Round "1"]
1.e4 c5
2.Ng1f3 Nb8c6
3.d4 cxd4
4.Nf3xd4 Ng8f6
5.Nb1c3 a6
6.Bc1e3 e5
7.Nd4f5 h6
8.Bf1c4 b5
9.Bc4d3 Bc8b7
10.O-O d6
11.Nc3d5 Nf6xd5
12.exd5 Nc6e7
13.Bd3e4 Ne7xf5
14.Be4xf5 Bf8e7
15.b3 O-O
16.Qd1g4 Bb7xd5
17.Ra1d1 Bd5xg2
18.Qg4xg2 Be7g5
19.Bf5e4 Ra8c8
20.Be3xg5 hxg5
21.Qg2h3 g6
22.Qh3g4 f5
23.Be4d5 Kg7
24.Qg4e2 Qd8c7
25.Rd1c1 Qc7c5
26.Bd5e6 Rc8c7
27.Kh1 Rf8f6
28.Be6xf5 gxf5
29.Rf1g1 Rf6g6
30.f3 Qc5c6
31.Rg1g2 f4
32.Qe2d3 d5
33.Qd3f5 Qc6e6
34.Rg2xg5 Qe6xf5
35.Rg5xf5 Rc7e7
36.Rc1e1 Rg6e6
37.Re1g1 Re6g6
38.Rf5g5 Re7e6
39.h4 Rg6xg5
40.Rg1xg5 Kh6
41.Kg2 Re6g6
42.Kh3 Rg6xg5
43.hxg5 Kxg5
44.c3 d4
45.cxd4 exd4
46.Kg2 Kh4
47.Kf2 b4
48.Ke2 Kg3
49.Kd3 Kxf3
{ resign }
0-1

[Event "Tourn. n9719"]
[Site "www.chess-mail.com"]
[Date "2018.02.23"]
[Round "1"]
[White "Picifarkinca"]
[Black "Caroluigi"]
[WhiteElo "1640"]
[BlackElo "1610"]
[Result "0-1"]
[Round "1"]
1.d4 d5
2.c4 e6
3.Nb1c3 Ng8f6
4.Bc1g5 c6
5.e3 Nb8d7
6.a3 dxc4
7.Bf1xc4 b5
8.Bc4a2 Qd8a5
9.Qd1f3 Bc8b7
10.Ng1e2 Bf8e7
11.O-O b4
12.Nc3e4 Nf6xe4
13.Qf3xe4 Qa5xg5
{ resign }
0-1

[Event "Tourn. n9716"]
[Site "www.chess-mail.com"]
[Date "2018.02.23"]
[Round "1"]
[White "Hundegana"]
[Black "Falcoale"]
[WhiteElo "2010"]
[BlackElo "1970"]
[Result "1-0"]
[Round "1"]
1.d4 Ng8f6
2.c4 e6
3.a3 b6
4.Nb1c3 Bc8b7
5.f3 d5
6.cxd5 Nf6xd5
7.Nc3xd5 Bb7xd5
8.e4 Bd5b7
9.Bf1b5 c6
10.Bb5c4 b5
11.Bc4a2 b4
12.axb4 Bf8xb4
13.Kf2 O-O
14.Bc1e3 Nb8a6
15.Ng1e2 Qd8f6
16.Ba2c4 Rf8d8
17.Bc4xa6 Bb7xa6
18.Ra1xa6 c5
19.Qd1b3 Rd8b8
20.Qb3c4 Rb8c8
21.d5 Qf6xb2
22.dxe6 fxe6
23.Qc4xe6 Kh8
24.Ra6xa7 Rc8f8
25.Ra7xa8 Rf8xa8
26.Qe6c4 Ra8a2
27.Rh1d1 Ra2a8
28.Kg3 Qb2e5
29.f4 Qe5e8
30.Kf3 Qe8h5
31.Kg3 Qh5g6
32.Kf2 Qg6g4
33.h3 Qg4h4
34.Ne2g3 Ra8a2
35.Qc4xa2 h6
36.Qa2c4 { resign }
1-0

[Event "Tourn. n9674"]
[Site "www.chess-mail.com"]
[Date "2018.02.23"]
[Round "1"]
[White "Sahlapalat"]
[Black "Fantomas"]
[WhiteElo "2080"]
[BlackElo "2220"]
[Result "1-0"]
[Round "1"]
1.d4 d5
2.c4 e6
3.Nb1c3 Ng8f6
4.cxd5 Nf6xd5
5.e4 Nd5b6
6.Ng1f3 Bf8e7
7.Bf1e2 O-O
8.O-O h6
9.Bc1f4 a6
10.Qd1b3 Bc8d7
11.Rf1d1 Be7d6
12.e5 Bd6e7
13.d5 Rf8e8
14.d6 Be7f8
15.dxc7 Qd8xc7
16.Ra1c1 Nb8c6
17.Nc3e4 Nb6d5
18.Bf4g3 b6
19.Be2c4 Nd5e7
20.Ne4d6 Re8d8
21.Bc4d3 Qc7b8
22.Bd3e4 b5
23.h3 Qb8b6
24.a4 b4
25.Nf3d2 Ra8b8
26.Nd2c4 Nc6d4
27.Qb3e3 Qb6a7
28.Qe3xd4 Qa7xd4
29.Rd1xd4 { resign }
1-0

[Event "Tourn. n9710"]
[Site "www.chess-mail.com"]
[Date "2018.02.23"]
[Round "1"]
[White "Cal"]
[Black "Caroluigi"]
[WhiteElo "1530"]
[BlackElo "1400"]
[Result "0-1"]
[Round "1"]
1.c4 e5
2.e4 Ng8f6
3.a3 Nb8c6
4.Nb1c3 a6
5.Ng1f3 Bf8c5
6.d3 h6
7.b4 Bc5a7
8.h3 d6
9.Bf1e2 O-O
10.O-O Nc6d4
11.Bc1b2 Rf8e8
12.Nc3a2 Nd4xf3
13.Be2xf3 Bc8e6
14.Na2c1 Qd8d7
15.Kh2 Ra8b8
16.Nc1e2 b5
17.Ne2g1 bxc4
18.Bf3e2 cxd3
19.Be2xd3 c5
20.bxc5 Rb8xb2
21.Ng1f3 Ba7xc5
22.Bd3xa6 Bc5xf2
23.a4 Nf6xe4
24.Ba6b5 Bf2g3
25.Kh1 Qd7a7
26.Bb5xe8 Ne4f2
27.Rf1xf2 Qa7xf2
28.Qd1g1 Qf2xg1
29.Kxg1 e4
30.Nf3d4 Bg3f2
31.Kh2 Bf2xd4
32.a5 Rb2xg2
33.Kxg2 Bd4xa1
34.a6 Ba1d4
35.Kg3 Be6c4
36.Be8c6 e3
{ resign }
0-1

[Event "Match"]
[Site "www.echecsemail.com"]
[Date "2018.02.23"]
[Round "1"]
[White "Yakke"]
[Black "Ikke"]
[WhiteElo "1790"]
[BlackElo "1159"]
[Result "1-0"]
[Round "1"]
1.e4 c6
2.d4 b5
3.b3 d5
4.e5 e6
5.Ng1f3 b4
6.Bf1e2 c5
7.O-O Bc8d7
8.Bc1g5 Qd8c7
9.Qd1d2 g6
10.g3 Nb8c6
11.Be2b5 a6
12.Bb5xc6 Qc7xc6
13.Bg5h4 Qc6b5
14.Bh4f6 Ng8xf6
15.exf6 h5
16.h4 Ra8d8
17.Rf1e1 Qb5b7
18.Qd2g5 Qb7c7
19.Nb1d2 Bd7b5
20.Nf3e5 a5
21.Ne5xg6 Kd7
22.Ng6xh8 Kc6
23.Qg5xh5 Rd8d7
24.Nh8xf7 a4
25.Re1xe6 Kb7
26.Nf7e5 Rd7d8
27.c4 Bb5a6
28.f7 cxd4
29.Re6e8 Bf8d6
30.Nd2f3 d3
31.Ne5xd3 Kb6
32.Qh5xd5 Rd8d7
33.c5 Bd6xc5
34.Qd5e6 Rd7d6
35.Qe6d5 Rd6xd5
36.Nd3xc5 Kxc5
37.f8Q Rd5d6
38.Qf8f5 Rd6d5
39.Ra1c1 Kd6
40.Qf5e6 
1-0

[Event "Match"]
[Site "www.echecsemail.com"]
[Date "2018.02.23"]
[Round "1"]
[White "Apdash"]
[Black "Pellix84"]
[WhiteElo "2180"]
[BlackElo "2060"]
[Result "1-0"]
[Round "1"]
1.e4 c5
2.Ng1f3 d6
3.d4 cxd4
4.Nf3xd4 Ng8f6
5.Nb1c3 e5
6.Nd4f3 a6
7.Bf1c4 Bf8e7
8.Nf3g5 O-O
9.Qd1e2 b5
10.Bc4b3 h6
11.h4 Bc8b7
12.f4 Nb8d7
13.fxe5 dxe5
14.Ng5f3 Qd8b6
15.Bc1e3 Be7c5
16.Be3xc5 Qb6xc5
17.O-O-O Rf8d8
18.Nf3e1 Nd7f8
19.Ne1d3 Qc5a7
20.Nd3xe5 b4
21.Rd1xd8 Ra8xd8
22.Ne5xf7 Rd8d4
23.Nf7xh6 Kh7
24.Nh6g4 Nf8d7
25.Ng4xf6 Nd7xf6
26.Nc3d5 Kh6
27.Nd5xf6 gxf6
28.e5 Rd4e4
29.Qe2d2 Kg6
30.exf6 Kxf6
31.Qd2g5 { resign }
1-0